00665nam a2200157 a 450000100100000000500170001000800410002704000250006811101190009324500570021226000610026930000270033059000280035795201050038599900170049000002662220200930030323.0110324s2012 dr a 000 spa d aDO-SdBNPbspacBNPHU 2aConferencia Internacional de las Américasn(26 al 30 de octubred2011cPunta Cana, República Dominicana953726 0aConferencia internacional de las américas - 2011-. aPunta Cana, República Dominicana :bFUNGLODE,c[2012]. a71 p. :bil. ;c29 cm. aInventariado, 2020 / DG 0010718PDaPDbPDcHDd2011-03-24iLF1l0o p26622-10r2020-06-25w2020-06-25yLFPDZNo se presta c26114d26114